000 01854nam a22003257a 4500
005 20171228104011.0
008 171228b xxu||||| |||| 00| 0 eng d
010 _aB-685420
020 _c80.00
_a9788126010301
035 _aB-685420
037 _bनॉर्थ इंडिया पब्लिशर्स
040 _aDPL
_bHN
082 _a
_bपालित
100 _aपालित, दिव्येन्दु
_99690
245 _aअनुभव /
_cदिव्येन्दु पालित; अनुवादक सुशील गुप्ता
246 _aAnubhav /
_bby Divyendu Palit; anuwadak Susheel Gupta
260 _aनई दिल्ली
_bसाहित्य अकादेमी
_c2017
270 _aरविन्द्र भवन, 35, फिरोजशाह मार्ग
_bनई दिल्ली
_e110001
300 _a123पृ.
_c19सेमी (सजिल्द)
500 _aसाहित्य अकादेमी द्वारा पुरस्कृत बड्लि उपन्यास
505 _aराष्ट्रपति भवन
520 _aAW
650 _a हिन्दी साहित्य
_956282
650 _a हिन्दी साहित्य -- उपन्यास
_946379
650 _aHindi literature
_956283
650 _aHindi literature -- Fiction
_956284
700 _aगुप्ता, सुशील
_956285
942 _2ddc
_cHN
_h
_mपालित
999 _c148505
_d148505